| 000 | 00350nam a2200145Ia 4500 | ||
|---|---|---|---|
| 008 | 230917s9999||||xx |||||||||||||| ||und|| | ||
| 040 |
_e80469 _aMAIN |
||
| 041 | _aEnglish | ||
| 082 | _a342 T326A | ||
| 100 | _aThakker, C K | ||
| 245 | 0 | _aAdministrative law | |
| 260 |
_aLucknow _bEastern Book Company _c1996 |
||
| 300 | _acxix, 632 p. | ||
| 942 | _cBK | ||
| 999 |
_c75067 _d75067 |
||